Textbook of geotechnical engineering (Record no. 341061)
[ view plain ]
| 000 -LEADER | |
|---|---|
| fixed length control field | 00389cam a2200157ua 4500 |
| 003 - CONTROL NUMBER IDENTIFIER | |
| control field | OSt |
| 008 - FIXED-LENGTH DATA ELEMENTS--GENERAL INFORMATION | |
| fixed length control field | 250328b |||||||| |||| 00| 0 eng d |
| 020 ## - INTERNATIONAL STANDARD BOOK NUMBER | |
| International Standard Book Number | 9788131512258 |
| 082 ## - DEWEY DECIMAL CLASSIFICATION NUMBER | |
| Classification number | 624.1501 |
| Item number | DAS/TE |
| 100 02 - MAIN ENTRY--PERSONAL NAME | |
| Personal name | Das, Braja m. |
| 9 (RLIN) | 7375 |
| 245 0# - TITLE STATEMENT | |
| Title | Textbook of geotechnical engineering |
| 250 ## - EDITION STATEMENT | |
| Edition statement | 1. |
| 260 ## - PUBLICATION, DISTRIBUTION, ETC. (IMPRINT) | |
| Date of publication, distribution, etc. | 2011. |
| Name of publisher, distributor, etc. | Cengage Learning, |
| Place of publication, distribution, etc. | New Delhi |
| 300 ## - PHYSICAL DESCRIPTION | |
| Extent | 568p |
| 942 ## - ADDED ENTRY ELEMENTS (KOHA) | |
| Koha item type | Books (General) |
| Withdrawn status | Lost status | Damaged status | Not for loan | Collection code | Home library | Current library | Shelving location | Date acquired | Source of acquisition | Cost, normal purchase price | Total Checkouts | Full call number | Barcode | Date last seen | Date checked out | Price effective from | Koha item type |
|---|---|---|---|---|---|---|---|---|---|---|---|---|---|---|---|---|---|
| Malayalam | Kelappaji College of Agricultural Engineering & Technology Library, Tavanur | Kelappaji College of Agricultural Engineering & Technology Library, Tavanur | 30/03/2011 | Cosmo Books, Thrissur | 425.00 | 3 | 624.1501 DAS/TE | KAU_KCAEFT-22268 | 03/09/2025 | 14/01/2013 | 04/09/2012 | Books (General) | |||||
| Malayalam | Kelappaji College of Agricultural Engineering & Technology Library, Tavanur | Kelappaji College of Agricultural Engineering & Technology Library, Tavanur | 30/03/2013 | Aman Book Stall, Calicut | 624.1501 DAS/TE | KAU_KCAEFT-24131 | 03/09/2025 | 02/07/2013 | Books (General) |
